ՀՀ Գիտությունների ազգային ակադեմիայի հիմնարար գիտական գրադարան  =   Fundamental Scientific Library of NAS RA

Асыл : (Record no. 166375)

MARC details
000 -LEADER
fixed length control field 00773nam a2200217 u 4500
001 - CONTROL NUMBER
control field 000457553
003 - CONTROL NUMBER IDENTIFIER
control field AM-YeHGA
005 - DATE AND TIME OF LATEST TRANSACTION
control field 20250617133515.0
008 - FIXED-LENGTH DATA ELEMENTS--GENERAL INFORMATION
fixed length control field 041012s1990 ||| r 000 0 rus d
020 ## - INTERNATIONAL STANDARD BOOK NUMBER
International Standard Book Number 526500811X
040 ## - CATALOGING SOURCE
Original cataloging agency AM-YeHGA
041 1# - LANGUAGE CODE
Language code of text/sound track or separate title rus
Language code of original kir
090 ## - LOCALLY ASSIGNED LC-TYPE CALL NUMBER (OCLC); LOCAL CALL NUMBER (RLIN)
-- 167802
100 1# - MAIN ENTRY--PERSONAL NAME
Personal name Эсенкулов, Шакин
245 10 - TITLE STATEMENT
Title Асыл :
Remainder of title Роман /
Statement of responsibility, etc. Шакин Эсенкулов; Пер. с кирг. Я. Мустафина.
260 ## - PUBLICATION, DISTRIBUTION, ETC.
Place of publication, distribution, etc. Москва :
Name of publisher, distributor, etc. Сов. писатель,
Date of publication, distribution, etc. 1990.
300 ## - PHYSICAL DESCRIPTION
Extent 270 с.
653 0# - INDEX TERM--UNCONTROLLED
Uncontrolled term Женщина в Киргизской ССР (х. л.)
653 0# - INDEX TERM--UNCONTROLLED
Uncontrolled term Художественная интеллигенция в Киргизской ССР (х. л.)
700 1# - ADDED ENTRY--PERSONAL NAME
Personal name Мустафин, Я.
Relator term пер.
Relationship trl
Holdings
Withdrawn status Lost status Damaged status Not for loan Collection Home library Current library Date acquired Total checkouts Full call number Barcode Date last seen Price effective from Koha item type Public note
        General Fundamental Scientific Library Fundamental Scientific Library 28/12/2016   894.341 120614738 28/12/2016 28/12/2016 Գրքեր / Books 30 Days Loan


ՀՀ ԳԱԱ հիմնարար գիտական գրադարան
ՀՀ,Երևան 0019
Մարշալ Բաղրամյան 24/6
հեռախոս:(374-10) 52-47-50
Հետադարձ կապ

All site content, except where otherwise noted, is licensed under a
Creative Commons License